000 00387nam a2200169Ia 4500
001 16422
005 20260306170308.0
008 260306t9999||||xx |||||||||||||| ||und||
041 _aESP
082 _a348.6
_bC24
100 _aCampos Torres, Sara
_eAUT
245 0 _aRegĂ­menes laborales especiales
300 _a
_c
650 _aGEN
654 _aCDE
942 _cLIB
_dJUS
_fJUS
_2ddc
_n
999 _c16422
_d16422